Chemistry and world food supplies: The New Frontiers Perspectives and recommendations

Spremljeno u:
Bibliografski detalji
Glavni autor: IRRI
Format: Knjiga
Jezik:Undetermined
Izdano: Philippines IRRI 1983
Teme:
Oznake: Dodaj oznaku
Bez oznaka, Budi prvi tko označuje ovaj zapis!
Thư viện lưu trữ: Trung tâm Học liệu Trường Đại học Cần Thơ
LEADER 00540nam a2200193Ia 4500
001 CTU_30090
008 210402s9999 xx 000 0 und d
082 |a 630.24 
082 |b I71 
100 |a IRRI 
245 0 |a Chemistry and world food supplies: The New Frontiers 
245 0 |b Perspectives and recommendations 
245 0 |c IRRI 
260 |a Philippines 
260 |b IRRI 
260 |c 1983 
650 |a agricultural chemistry - congresses 
904 |i Liên, 990226 
980 |a Trung tâm Học liệu Trường Đại học Cần Thơ